000 00501cam a2200145 4500500
005 20251228074226.0
041 _afre
042 _adc
100 1 0 _aMichelot, Isabelle
_eauthor
245 0 0 _aL'adaptation de Balzac au théâtre : la quadrature du « four » ?
260 _c2012.
500 _a15
786 0 _nL'Année balzacienne | 12 | 1 | 2012-03-01 | p. 383-399 | 0084-6473
856 4 1 _uhttps://shs.cairn.info/revue-l-annee-balzacienne-2011-1-page-383?lang=fr&redirect-ssocas=7080
999 _c1597228
_d1597228